Ethics,integrity & aptitude : (Record no. 103499)

MARC details
000 -LEADER
fixed length control field 00662nam a22002057a 4500
005 - DATE AND TIME OF LATEST TRANSACTION
control field 20160921115522.0
010 ## - LCCN (DPL NO)
LC control number ENG-116029
020 ## - INTERNATIONAL STANDARD BOOK NUMBER
International Standard Book Number 9789351439752
Terms of availability 575.00
035 ## - SYSTEM CONTROL NUMBER
System control number EN-99561
037 ## - SOURCE OF ACQUISITION
Source of stock number/acquisition DBAD/PUB
082 ## - DEWEY DECIMAL CLASSIFICATION NUMBER
Classification number 000
100 ## - MAIN ENTRY--PERSONAL NAME
Personal name Thorpe,Showick
245 ## - TITLE STATEMENT
Title Ethics,integrity & aptitude :
Statement of responsibility, etc by Showick Thorpe
Remainder of title general studies (Paper-IV) /
250 ## - EDITION STATEMENT
Edition statement 2nd ed.
260 ## - PUBLICATION, DISTRIBUTION, ETC. (IMPRINT)
Place of publication, distribution, etc Gurgaon
Name of publisher, distributor, etc LexisNexis
Date of publication, distribution, etc 2016
270 ## - ADDRESS
Address 14th Floor, Building No.10, Tower-B, DLF Cyber City, Phase-II
City Gurgaon (Haryana)
Postal code 122002
300 ## - PHYSICAL DESCRIPTION
Extent lii,663p. :
Dimensions 24cm(pbk)
Other physical details ill
490 ## - SERIES STATEMENT
Series statement CATAPULT test prep series
942 ## - ADDED ENTRY ELEMENTS (KOHA)
Source of classification or shelving scheme Dewey Decimal Classification
Item type English Books
Call number suffix THO
Classification part 000
Holdings
Withdrawn status Lost status Not for loan Collection code Home library Current library Date acquired Source of acquisition Cost, normal purchase price Full call number Barcode Copy number Cost, replacement price Koha item type
      Non-fiction Shahdara Branch Shahdara Branch 21/09/2016 DBAD/PUB 575.00 000 THO EN-99561 1 575.00 English Books

© Delhi Public Library
Hit Counter
free hit counter